000 00634nam a2200205 i 4500
001 72213
003 ES-MaACL
005 20230906171348.0
007 t|
008 040827q1956 sp ||||1| spa d
100 1 _aGillespie, R. P.
_956964
245 1 0 _aDerivadas parciales /
_cpor R.P. Gillespie ; traductor, E. López Gali.
260 _aMadrid :
_bDossat,
_c[1956?] (
_fNuevas Gráficas)
300 _a112 p. ;
_c22 cm.
490 1 _aUniversity Mathematical texts
700 1 _aLópez Galí, E.
_973650
830 0 _aUniversity Mathematical texts
_9180736
852 _aES-MaACL
_jC-11827
_bR.39719
999 _c72213
_d72213